Teaching Epidemiology (Record no. 19089)

MARC details
000 -LEADER
fixed length control field 00521nam a22001457a 4500
008 - FIXED-LENGTH DATA ELEMENTS--GENERAL INFORMATION
fixed length control field 211103b |||||||| |||| 00| 0 eng d
020 ## - INTERNATIONAL STANDARD BOOK NUMBER
International Standard Book Number 0199685004
050 ## - LIBRARY OF CONGRESS CALL NUMBER
Classification number RA654
Item number .T43 2015 c.1
245 ## - TITLE STATEMENT
Title Teaching Epidemiology
Remainder of title a guide for teachers in epidemiology, Public health and clinical medicine
Statement of responsibility, etc. Edited by John Olsen, Naomi Greene, Rodolfo, Saracci, & Dimitrios Trichopoulos
250 ## - EDITION STATEMENT
Edition statement 4th ed.
260 ## - PUBLICATION, DISTRIBUTION, ETC. (IMPRINT)
Place of publication, distribution, etc. UK
Name of publisher, distributor, etc. O. U. P.
Date of publication, distribution, etc. 2015
300 ## - PHYSICAL DESCRIPTION
Extent 555p.
650 ## - SUBJECT ADDED ENTRY--TOPICAL TERM
Topical term or geographic name as entry element Epidemiology
Form subdivision study and teaching
942 ## - ADDED ENTRY ELEMENTS (KOHA)
Source of classification or shelving scheme Library of Congress Classification
Koha item type General Collection
Holdings
Withdrawn status Lost status Source of classification or shelving scheme Not for loan Home library Current library Date acquired Cost, normal purchase price Total Checkouts Full call number Barcode Date last seen Price effective from Koha item type Date last checked out
    Library of Congress Classification   Kabarak, Main Campus Kabarak, Main Campus 03/11/2021 7454.00   RA654 .T43 2015 c.1 031181 03/11/2021 03/11/2021 General Collection  
    Library of Congress Classification   Kabarak, Main Campus Kabarak, Main Campus 03/11/2021 7454.00   RA654 .T43 2015 c.2 031182 03/11/2021 03/11/2021 General Collection  
    Library of Congress Classification   Kabarak, Main Campus Kabarak, Main Campus 30/06/2022 7901.00   RA654 .T43 2015 c.3 031918 30/06/2022 30/06/2022 General Collection  
    Library of Congress Classification   Kabarak, Main Campus Kabarak, Main Campus 30/06/2022 7901.00 1 RA654 .T43 2015 c.4 031919 11/01/2023 30/06/2022 General Collection 08/09/2022
Designed with assistance from East African Informatics Ltd